Itineraris : ruta de les vint ermites romàniques : Bages - Berguedà ruta de les vint ermites romàniques :
Publicado:
[Barcelona] :
Diputació de Barcelona, Xarxa de Municipis, Oficina Tècnica de Turisme, DL 2001
Descripción Física:
[7] p. : il. col., fot. ; 21 cm
MARC
| LEADER | 00000nam a2200000Ia 4500 | ||
|---|---|---|---|
| 001 | 15202 | ||
| 008 | 160829s9999 xx 000 0 cat d | ||
| 080 | |a FU-35-27 | ||
| 245 | |a Itineraris : |b ruta de les vint ermites romàniques : |b Bages - Berguedà | ||
| 260 | |a [Barcelona] : |b Diputació de Barcelona, Xarxa de Municipis, Oficina Tècnica de Turisme, DL 2001 | ||
| 300 | |a [7] p. : |b il. col., fot. ; |c 21 cm | ||
| 650 | |a Ermites |x Bages |x Circuits turístics |9 21909 | ||
| 650 | |a Ermites |x Berguedà |x Circuits turístics |9 21910 | ||
| 710 | |a Barcelona (Catalunya : Província). |b Oficina Tècnica de Turisme |9 53579 | ||
| 901 | |a Arxiu | ||
| 942 | |n 1 | ||
| 952 | |0 0 |1 0 |4 0 |6 FU3527 |7 1 |9 41926 |a Arxiu |b Arxiu |d 2016-12-01 |l 0 |o FU-35-27 |p 15202 |r 2016-12-01 00:00:00 |w 2016-12-01 |y ARXIU | ||
| 999 | |c 44373 |d 44373 | ||